000 00284nam a2200133Ia 4500
005 20251222152047.0
008 251222s9999||||xx |||||||||||||| ||spa||
082 _a200/B34
100 _aBeck, Eleonore
245 0 _aYo Creo
250 _a1ra.ed.
264 _bEstella
942 _cLIB
999 _c26289
_d26289